00655nam a22001817a 450000500170000000800410001702000180005804000130007608200230008910000240011224501230013626000600025930000240031950400560034365000220039965000190042165100330044020240530110621.0161220s2014 ua g b 001 0 eng d a9789774166822 aEG-CaGPL04221a962.02bCC\M C1 aMikhail,Maged S. A.15aFrom christian Egypt to islam Egypt :breligion, identity, and politics after the arab conquest \cMaged S. A. Mikhail aCairo :bthe american university in cairo press ;c2014 a429 pages ;c24 cm. aIncludes bibliographical references (p. 383 - 405). 0achristianszEgypt 0amuslimszEgypt aEgyptxhistoryyto 640 A. D.